[Event "Cologne Longerich op-A 13th"]
[Site "Cologne"]
[Date "2016.08.14"]
[Round "4"]
[White "Stuch, Hans Ferdinand"]
[Black "Karwatzki, Hans Juergen"]
[Result "1/2-1/2"]
[WhiteElo "1773"]
[BlackElo "1664"]
[PlyCount "77"]
[EventDate "2016.08.12"]
[EventType "swiss"]
[EventRounds "5"]
[EventCountry "GER"]
[SourceTitle "EXT 2022"]
[Source "ChessBase"]
[SourceDate "2021.10.06"]
[SourceVersion "1"]
[SourceVersionDate "2021.10.06"]
[SourceQuality "1"]

1. e4 e5 2. Nf3 Nc6 3. Bc4 Nf6 4. d3 Bc5 5. Nc3 d6 6. Bg5 h6 7. Bh4 g5 8. Bg3 a6 9. h3 b5 10. Bb3 Nd4 11. Nxd4 Bxd4 12. Qd2 c6 13. Nd1 a5 14. c3 Bb6 15. Ne3 Nh5 16. Rf1 a4 17. Bc2 Nf4 18. Bxf4 gxf4 19. Nd1 Qh4 20. d4 Rg8 21. dxe5 dxe5 22. Qd6 Rg6 23. Qxe5+ Re6 24. Qh8+ Ke7 25. e5 Bb7 26. Qg7 Qg5 27. Qxg5+ hxg5 28. Kd2 Rxe5 29. g3 Rd8+ 30. Kc1 Re2 31. gxf4 gxf4 32. h4 Rdd2 33. Be4 Bc8 34. h5 Bg4 35. h6 Kf8 36. h7 Kg7 37. h8Q+ Kxh8 38. Rh1+ Kg7 39. Rg1 1/2-1/2

[Event "Cologne Longerich op-A 12th"]
[Site "Cologne"]
[Date "2015.08.01"]
[Round "3"]
[White "Statz, Samuel"]
[Black "Karwatzki, Hans Juergen"]
[Result "1-0"]
[WhiteElo "1957"]
[BlackElo "1689"]
[PlyCount "61"]
[EventDate "2015.07.31"]
[EventType "tourn"]
[EventRounds "5"]
[EventCountry "GER"]
[SourceTitle "EXT 2017"]
[Source "ChessBase"]
[SourceDate "2016.10.25"]
[SourceVersion "1"]
[SourceVersionDate "2016.10.25"]
[SourceQuality "1"]

1. e4 e5 2. Nf3 Nc6 3. d4 exd4 4. Nxd4 Bc5 5. Be3 Nxd4 6. Bxd4 Bxd4 7. Qxd4 Qf6 8. e5 Qb6 9. Qc3 Ne7 10. Bc4 d5 11. exd6 Nf5 12. Qe5+ Kf8 13. dxc7 Bd7 14. 0-0 Re8 15. Qc3 Qxc7 16. Qa3+ Kg8 17. Nd2 b5 18. Bb3 h5 19. Rfe1 Rb8 20. c3 Rh6 21. Nf3 a5 22. Ng5 b4 23. Bxf7+ Kf8 24. cxb4 axb4 25. Qf3 Nh4 26. Qe4 Nf5 27. Be6 Nd6 28. Qf4+ Ke7 29. Bb3+ Kd8 30. Qf8+ Ne8 31. Nf7+ 1-0

[Event "Troisdorf op"]
[Site "Troisdorf"]
[Date "2014.11.25"]
[Round "6"]
[White "Karwatzki, Hans Juergen"]
[Black "Heck, Ewald"]
[Result "0-1"]
[WhiteElo "1687"]
[BlackElo "1729"]
[PlyCount "64"]
[EventDate "2014.10.21"]
[EventType "swiss"]
[EventRounds "7"]
[EventCountry "GER"]
[SourceTitle "EXT 2016"]
[Source "ChessBase"]
[SourceDate "2015.10.08"]
[SourceVersion "1"]
[SourceVersionDate "2015.10.08"]
[SourceQuality "1"]

1. e4 c5 2. Nc3 Nc6 3. f4 g6 4. Nf3 Bg7 5. Bb5 e6 6. Bxc6 bxc6 7. d3 d5 8. e5 Nh6 9. 0-0 Bb7 10. Qe1 Bf8 11. a4 Be7 12. f5 Nxf5 13. g4 Ng7 14. Bh6 0-0 15. Rd1 Rb8 16. g5 Bc8 17. Ne2 Rxb2 18. c4 Rb4 19. Bxg7 Kxg7 20. Qh4 Kg8 21. Ng3 Bd7 22. Rf2 Qb8 23. Rdf1 Rb1 24. Ne1 Qxe5 25. Nf3 Rxf1+ 26. Nxf1 Qg7 27. Qf4 f6 28. Qc7 Be8 29. Qxa7 fxg5 30. a5 g4 31. Ne5 Rxf2 32. Kxf2 Bh4+ 0-1

[Event "Cologne Longerich op-A 11th"]
[Site "Cologne"]
[Date "2014.08.03"]
[Round "5"]
[White "Mandt, Joachim"]
[Black "Karwatzki, Hans Juergen"]
[Result "1/2-1/2"]
[WhiteElo "1798"]
[BlackElo "1702"]
[PlyCount "58"]
[EventDate "2014.08.01"]
[EventType "swiss"]
[EventRounds "5"]
[EventCountry "GER"]
[SourceTitle "EXT 2022"]
[Source "ChessBase"]
[SourceDate "2021.10.06"]
[SourceVersion "1"]
[SourceVersionDate "2021.10.06"]
[SourceQuality "1"]

1. e4 c5 2. c3 e5 3. d4 cxd4 4. cxd4 exd4 5. Nf3 Nc6 6. Nxd4 Qh4 7. Nb5 Bc5 8. Qc2 Bb6 9. Nd6+ Kf8 10. Nc3 Nf6 11. Nf5 Nb4 12. Qd2 Bxf2+ 13. Qxf2 Nc2+ 14. Ke2 Qxf2+ 15. Kxf2 Nxa1 16. Bd3 d5 17. Ng3 Ng4+ 18. Ke2 dxe4 19. Bxe4 Be6 20. Bf4 Bc4+ 21. Kf3 Nf6 22. Rxa1 Rd8 23. Re1 h6 24. Bb1 b5 25. Nf5 g5 26. Bd6+ Kg8 27. Ne7+ Kg7 28. Nf5+ Kg8 29. Ne7+ Kg7 1/2-1/2

[Event "Cologne Longerich op-A 11th"]
[Site "Cologne"]
[Date "2014.08.02"]
[Round "2"]
[White "Maczkowiak, Thomas"]
[Black "Karwatzki, Hans Juergen"]
[Result "1-0"]
[WhiteElo "1948"]
[BlackElo "1702"]
[PlyCount "85"]
[EventDate "2014.08.01"]
[EventType "swiss"]
[EventRounds "5"]
[EventCountry "GER"]
[SourceTitle "EXT 2022"]
[Source "ChessBase"]
[SourceDate "2021.10.06"]
[SourceVersion "1"]
[SourceVersionDate "2021.10.06"]
[SourceQuality "1"]

1. Nf3 d5 2. c4 d4 3. b4 Bg4 4. Qb3 Qd6 5. c5 Qf6 6. d3 Bxf3 7. gxf3 c6 8. Bg2 e5 9. Nd2 Qg6 10. 0-0 Nf6 11. Nc4 Nbd7 12. e3 Nd5 13. exd4 exd4 14. Re1+ Be7 15. Nd6+ Kf8 16. Nc4 b6 17. cxb6 axb6 18. Bd2 h5 19. Kh1 Qf5 20. a4 Re8 21. Re4 b5 22. axb5 cxb5 23. Na5 Bd6 24. Nb7 Bb8 25. Rxe8+ Kxe8 26. Ra8 Qe5 27. f4 Nxf4 28. Bc6 Ne6 29. f4 Qc7 30. Bxd7+ Kxd7 31. Qd5+ Ke7 32. Na5 Kf8 33. Nc6 Kg8 34. Rxb8+ Kh7 35. Rxh8+ Kxh8 36. f5 Nf8 37. Qxb5 Qd7 38. Bf4 Qe8 39. Be5 f6 40. Bxd4 Qe1+ 41. Bg1 Qf1 42. Qd5 Nd7 43. Ne7 1-0

[Event "Cologne Longerich op-A 11th"]
[Site "Cologne"]
[Date "2014.08.01"]
[Round "1"]
[White "Karwatzki, Hans Juergen"]
[Black "Kemper, Michael"]
[Result "1-0"]
[WhiteElo "1702"]
[BlackElo "1839"]
[PlyCount "65"]
[EventDate "2014.08.01"]
[EventType "swiss"]
[EventRounds "5"]
[EventCountry "GER"]
[SourceTitle "EXT 2022"]
[Source "ChessBase"]
[SourceDate "2021.10.06"]
[SourceVersion "1"]
[SourceVersionDate "2021.10.06"]
[SourceQuality "1"]

1. e4 c5 2. Nc3 e6 3. f4 a6 4. Nf3 b5 5. b3 Bb7 6. d3 g6 7. Bb2 Bg7 8. e5 Ne7 9. Ne4 Bxe4 10. dxe4 Qb6 11. c4 0-0 12. Qd2 Qb7 13. Qc2 Nbc6 14. cxb5 Nb4 15. Qe2 axb5 16. a3 Na6 17. g4 c4 18. b4 Rac8 19. Rc1 c3 20. Rxc3 Rxc3 21. Bxc3 Rc8 22. Bb2 Rc4 23. Kf2 Rxe4 24. Qxb5 Qa7+ 25. Kg3 Qe3 26. Qd3 Qxf4+ 27. Kf2 Nd5 28. Bc1 Qxg4 29. Rg1 Naxb4 30. axb4 Nf4 31. Qxe4 Nh3+ 32. Ke3 Bh6+ 33. Kd4 1-0

[Event "Troisdorf op"]
[Site "Troisdorf"]
[Date "2013.11.12"]
[Round "4"]
[White "Heidmann, Horst"]
[Black "Karwatzki, Hans Juergen"]
[Result "0-1"]
[WhiteElo "1710"]
[BlackElo "1706"]
[PlyCount "54"]
[EventDate "2013.10.22"]
[EventType "swiss"]
[EventRounds "7"]
[EventCountry "GER"]
[SourceTitle "EXT 2016"]
[Source "ChessBase"]
[SourceDate "2015.10.08"]
[SourceVersion "1"]
[SourceVersionDate "2015.10.08"]
[SourceQuality "1"]

1. e4 e5 2. Nf3 Nc6 3. Bc4 Nf6 4. Ng5 d5 5. exd5 Nd4 6. c3 b5 7. cxd4 bxc4 8. Qa4+ Qd7 9. Qxd7+ Bxd7 10. dxe5 Nxd5 11. a3 Bc5 12. Nc3 Nf4 13. Kf1 Nd3 14. Nge4 Bb6 15. Nd5 0-0 16. Nxb6 axb6 17. f3 Ra5 18. Nf2 Rxe5 19. Nxd3 cxd3 20. b4 Re2 21. h3 Rfe8 22. Kg1 R8e6 23. Kh2 Rh6 24. Kg1 Rg6 25. Rh2 Bc6 26. Kf1 Bxf3 27. Bb2 Bxg2+ 0-1

[Event "Troisdorf op"]
[Site "Troisdorf"]
[Date "2013.10.22"]
[Round "1"]
[White "Kessler, Ulrich"]
[Black "Karwatzki, Hans Juergen"]
[Result "1-0"]
[WhiteElo "1928"]
[BlackElo "1706"]
[PlyCount "57"]
[EventDate "2013.10.22"]
[EventType "swiss"]
[EventRounds "7"]
[EventCountry "GER"]
[SourceTitle "EXT 2016"]
[Source "ChessBase"]
[SourceDate "2015.10.08"]
[SourceVersion "1"]
[SourceVersionDate "2015.10.08"]
[SourceQuality "1"]

1. Nf3 d5 2. g3 c5 3. Bg2 Nc6 4. d4 e6 5. 0-0 Nf6 6. c4 Be7 7. Nc3 0-0 8. dxc5 dxc4 9. Qa4 Qa5 10. Qxc4 Qxc5 11. Qb3 Rb8 12. Rd1 e5 13. Be3 Qa5 14. Ng5 Nd4 15. Bxd4 exd4 16. Nce4 Nxe4 17. Nxe4 Be6 18. Qd3 f5 19. Nd2 f4 20. Nb3 Qh5 21. Nxd4 Rbd8 22. Qe4 Bd5 23. Qxe7 Bxg2 24. Kxg2 Rde8 25. Qxb7 fxg3 26. hxg3 Rxf2+ 27. Kxf2 Qh2+ 28. Qg2 Rf8+ 29. Nf3 1-0

[Event "Bad Godesberg op 17th"]
[Site "Bad Godesberg"]
[Date "2013.08.09"]
[Round "7"]
[White "Karwatzki, Hans Juergen"]
[Black "Quaegwer, Gerhard"]
[Result "1-0"]
[WhiteElo "1706"]
[BlackElo "1430"]
[PlyCount "66"]
[EventDate "2013.08.03"]
[EventType "swiss"]
[EventRounds "9"]
[EventCountry "GER"]
[SourceTitle "CBM 155 Extra"]
[Source "ChessBase"]
[SourceDate "2013.08.26"]
[SourceVersion "1"]
[SourceVersionDate "2013.08.26"]
[SourceQuality "1"]

1. e4 e5 2. f4 d6 3. Nf3 Nc6 4. Bc4 Bg4 5. 0-0 Nd4 6. fxe5 Bxf3 7. gxf3 dxe5 8. c3 Nc6 9. f4 exf4 10. d4 Qg5+ 11. Kh1 0-0-0 12. Bxf4 Qe7 13. Nd2 h5 14. Qa4 Kb8 15. Bd5 Nf6 16. Bxc6 bxc6 17. Qxc6 Qd7 18. Qc4 Rc8 19. d5 Ne8 20. e5 Qg4 21. Qb5+ Ka8 22. Qc6+ Kb8 23. Nc4 Qg6 24. Qxg6 fxg6 25. b4 Rd8 26. Rad1 Be7 27. Na5 g5 28. Be3 Ka8 29. Nc6 Rd7 30. Rf7 Rf8 31. Rxe7 Rxe7 32. Nxe7 Rf7 33. Nc6 Kb7 1-0

[Event "Bad Godesberg op 17th"]
[Site "Bad Godesberg"]
[Date "2013.08.06"]
[Round "4"]
[White "Bitsch, Heinz"]
[Black "Karwatzki, Hans Juergen"]
[Result "1-0"]
[WhiteElo "1878"]
[BlackElo "1706"]
[PlyCount "109"]
[EventDate "2013.08.03"]
[EventType "swiss"]
[EventRounds "9"]
[EventCountry "GER"]
[SourceTitle "CBM 155 Extra"]
[Source "ChessBase"]
[SourceDate "2013.08.26"]
[SourceVersion "1"]
[SourceVersionDate "2013.08.26"]
[SourceQuality "1"]

1. e4 e5 2. Nf3 Nc6 3. c3 Nf6 4. d4 d6 5. d5 Ne7 6. Qc2 Ng6 7. Be2 Be7 8. 0-0 0-0 9. c4 Bg4 10. Nc3 Rc8 11. Qb3 Rb8 12. h3 Bd7 13. Be3 a6 14. a4 Qc8 15. Kh2 Re8 16. Qc2 Kh8 17. b4 Ng8 18. Bd3 Nf6 19. Ne2 Nh5 20. c5 c6 21. Rfc1 Rf8 22. cxd6 Bxd6 23. Bc5 Bxc5 24. Qxc5 Nhf4 25. Nxf4 Nxf4 26. Qe3 f6 27. h4 Qe8 28. Bc4 cxd5 29. exd5 Rc8 30. g3 Ng6 31. a5 e4 32. Nd2 f5 33. Re1 Ne5 34. Be2 Qf7 35. Qd4 Qf6 36. Kh1 Rc2 37. Bd1 Rc7 38. f3 Rfc8 39. fxe4 fxe4 40. Nxe4 Rc4 41. Qxc4 Rxc4 42. Nxf6 gxf6 43. Rf1 Kg7 44. Rf4 Rc3 45. Kg2 Rd3 46. Be2 Rxd5 47. Rd1 Rxd1 48. Bxd1 Bc6+ 49. Kg1 h6 50. Bc2 Nf3+ 51. Kf2 Ne5 52. Ke3 Nf7 53. Be4 Ne5 54. Bxc6 Nxc6 55. h5 1-0

[Event "Cologne Longerich op-A 10th"]
[Site "Cologne"]
[Date "2013.07.22"]
[Round "4"]
[White "Suess, Stefan"]
[Black "Karwatzki, Hans Juergen"]
[Result "0-1"]
[WhiteElo "1822"]
[BlackElo "1714"]
[PlyCount "72"]
[EventDate "2013.07.19"]
[EventType "tourn"]
[EventRounds "5"]
[EventCountry "GER"]
[SourceTitle "EXT 2017"]
[Source "ChessBase"]
[SourceDate "2016.10.25"]
[SourceVersion "1"]
[SourceVersionDate "2016.10.25"]
[SourceQuality "1"]

1. d4 Nf6 2. Nf3 d5 3. Bf4 e6 4. e3 c5 5. c3 Nc6 6. Nbd2 c4 7. Qc2 Bd6 8. Ne5 Qc7 9. Ndf3 Ne4 10. Nxc6 Qxc6 11. Bxd6 Nxd6 12. Ne5 Qc7 13. f4 f6 14. Nf3 b5 15. Be2 a5 16. 0-0 Bb7 17. a3 a4 18. g3 Nf5 19. Kf2 h5 20. Nh4 Qd7 21. Rg1 0-0-0 22. Bf3 g5 23. fxg5 fxg5 24. Ng6 Rh6 25. Ne5 Qh7 26. Qe2 g4 27. Bg2 Rf8 28. Ke1 Rhf6 29. Rf1 Qh6 30. Kd2 Nxe3 31. Rxf6 Rxf6 32. Ke1 Nxg2+ 33. Qxg2 Qe3+ 34. Qe2 Qg1+ 35. Kd2 Qxa1 36. Kc2 Qf1 0-1

[Event "Cologne Longerich op-A 10th"]
[Site "Cologne"]
[Date "2013.07.20"]
[Round "3"]
[White "Karwatzki, Hans Juergen"]
[Black "Weinmann Musset, Manfred"]
[Result "0-1"]
[WhiteElo "1714"]
[BlackElo "1949"]
[PlyCount "94"]
[EventDate "2013.07.19"]
[EventType "tourn"]
[EventRounds "5"]
[EventCountry "GER"]
[SourceTitle "EXT 2017"]
[Source "ChessBase"]
[SourceDate "2016.10.25"]
[SourceVersion "1"]
[SourceVersionDate "2016.10.25"]
[SourceQuality "1"]

1. e4 c5 2. Nc3 e6 3. f4 a6 4. Nf3 Nc6 5. a3 d5 6. e5 h5 7. d4 b6 8. Ne2 Nh6 9. c3 a5 10. Ng3 g6 11. Bb5 Bd7 12. Qc2 h4 13. Ne2 Nf5 14. 0-0 Rc8 15. Bd2 Nxe5 16. Bxd7+ Nxd7 17. Rae1 Bd6 18. Qd3 c4 19. Qb1 a4 20. Ng5 Kf8 21. Rf3 Rc6 22. g4 hxg3 23. Nxg3 Nh4 24. Rff1 Be7 25. Nf3 Kg7 26. Ne5 Nxe5 27. fxe5 Rh7 28. Qd1 Nf5 29. Bf4 b5 30. Re2 Rc7 31. Nxf5+ exf5 32. e6 Bd6 33. Qd2 Rh4 34. Kh1 f6 35. Bxd6 Qxd6 36. Qe1 Re4 37. Rxe4 dxe4 38. Qg3 Qxg3 39. hxg3 Kf8 40. g4 Ke7 41. gxf5 gxf5 42. Rxf5 Kxe6 43. Rxb5 Rg7 44. Rh5 f5 45. d5+ Ke5 46. d6 Rd7 47. Kg1 Rxd6 0-1

[Event "Cologne Longerich op 09th"]
[Site "Cologne"]
[Date "2012.08.05"]
[Round "5"]
[White "Guelsen, Taylan"]
[Black "Karwatzki, Hans Juergen"]
[Result "1-0"]
[WhiteElo "1975"]
[BlackElo "1619"]
[PlyCount "107"]
[EventDate "2012.08.03"]
[EventType "tourn"]
[EventRounds "5"]
[EventCountry "GER"]
[SourceTitle "EXT 2017"]
[Source "ChessBase"]
[SourceDate "2016.10.25"]
[SourceVersion "1"]
[SourceVersionDate "2016.10.25"]
[SourceQuality "1"]

1. e4 c5 2. Nf3 Nc6 3. d4 cxd4 4. Nxd4 e5 5. Nb5 Nf6 6. N1c3 Bc5 7. Nd6+ Ke7 8. Nf5+ Kf8 9. Bg5 d6 10. Ne3 Be6 11. Bc4 Bxc4 12. Nxc4 Nd4 13. 0-0 Rc8 14. Nd5 Rg8 15. c3 Ne6 16. Nxf6 gxf6 17. Bh6+ Ke8 18. Be3 Nf4 19. Bxf4 exf4 20. Kh1 Qd7 21. b4 Bxb4 22. Qd4 Qe6 23. cxb4 Qxc4 24. Qxd6 Qe6 25. Qxf4 Rg4 26. Qd2 Rd8 27. Qc3 Rc8 28. Qh3 Rxe4 29. Qxh7 Rcc4 30. Rad1 Rcd4 31. Rxd4 Rxd4 32. Qb1 Kf8 33. Re1 Qd6 34. Qh7 Rg4 35. h3 Rg7 36. Qe4 Qd7 37. a4 Rg5 38. b5 Rd5 39. Qh4 Rg5 40. f4 Rg7 41. Qxf6 Rg6 42. Qh8+ Rg8 43. Qe5 Rg6 44. f5 Rh6 45. Kh2 Qd6 46. Kg3 Qa3+ 47. Re3 Qxa4 48. Qe7+ Kg7 49. Re4 Qb3+ 50. Kh2 Qd5 51. Rg4+ Kh7 52. Qf8 Qe5+ 53. Rg3 Qh8 54. Qxf7+ 1-0

[Event "Cologne Longerich op 09th"]
[Site "Cologne"]
[Date "2012.08.05"]
[Round "4"]
[White "Karwatzki, Hans Juergen"]
[Black "Lambertz, Michael"]
[Result "1-0"]
[WhiteElo "1619"]
[BlackElo "1955"]
[PlyCount "93"]
[EventDate "2012.08.03"]
[EventType "tourn"]
[EventRounds "5"]
[EventCountry "GER"]
[SourceTitle "EXT 2017"]
[Source "ChessBase"]
[SourceDate "2016.10.25"]
[SourceVersion "1"]
[SourceVersionDate "2016.10.25"]
[SourceQuality "1"]

1. e4 e6 2. d4 d5 3. e5 c5 4. c3 Nc6 5. Nf3 Qb6 6. Be2 cxd4 7. cxd4 Nh6 8. Na3 Bxa3 9. bxa3 Nf5 10. Be3 Qa5+ 11. Bd2 Qxa3 12. 0-0 0-0 13. Bf4 Bd7 14. g4 Nfe7 15. h4 f6 16. Rb1 fxe5 17. Rb3 Qa4 18. Bxe5 Na5 19. Bd6 Rfe8 20. Bd3 Nxb3 21. Bxh7+ Kxh7 22. Ng5+ Kg8 23. Qd3 g6 24. axb3 Qa6 25. Qg3 Qe2 26. Kg2 e5 27. Nf3 Nc6 28. Re1 Qc2 29. dxe5 Be6 30. h5 d4 31. Qf4 Bd5 32. Qh6 Qd3 33. Re3 dxe3 34. hxg6 Re7 35. Bxe7 Nxe7 36. Qh7+ Kf8 37. g7+ Ke8 38. Qxd3 e2 39. Qxe2 Ng6 40. Kg3 Kf7 41. Ng5+ Kxg7 42. f4 Rc8 43. Qd3 Bc6 44. Qd6 Nf8 45. Qe7+ Kg8 46. Qf7+ Kh8 47. e6 1-0

[Event "Cologne Longerich op 09th"]
[Site "Cologne"]
[Date "2012.08.03"]
[Round "1"]
[White "Karwatzki, Hans Juergen"]
[Black "Brandl, Lea Maria"]
[Result "1-0"]
[WhiteElo "1619"]
[BlackElo "1796"]
[PlyCount "51"]
[EventDate "2012.08.03"]
[EventType "tourn"]
[EventRounds "5"]
[EventCountry "GER"]
[SourceTitle "EXT 2017"]
[Source "ChessBase"]
[SourceDate "2016.10.25"]
[SourceVersion "1"]
[SourceVersionDate "2016.10.25"]
[SourceQuality "1"]

1. e4 c5 2. Nc3 Nc6 3. f4 d6 4. Nf3 e6 5. Bb5 Qc7 6. d3 Nge7 7. 0-0 a6 8. Bxc6+ Nxc6 9. Qe1 Be7 10. f5 0-0 11. Qg3 Bf6 12. Bg5 Bxg5 13. Nxg5 h6 14. f6 g6 15. Qh4 h5 16. g4 e5 17. gxh5 Qd7 18. hxg6 Qg4+ 19. Qxg4 Bxg4 20. g7 Rfe8 21. Nd5 Rac8 22. Ne3 Bd7 23. Rf5 Nd4 24. Ng4 Nf3+ 25. Nxf3 Kh7 26. Rh5+ 1-0

[Event "Bad Godesberg op 16th"]
[Site "Bad Godesberg"]
[Date "2012.07.12"]
[Round "6"]
[White "Karwatzki, Hans Juergen"]
[Black "Eckermann, Juergen"]
[Result "1/2-1/2"]
[WhiteElo "1710"]
[BlackElo "1862"]
[PlyCount "102"]
[EventDate "2012.07.07"]
[EventType "swiss"]
[EventRounds "9"]
[EventCountry "GER"]
[SourceTitle "CBM 149 Extra"]
[Source "ChessBase"]
[SourceDate "2012.08.24"]
[SourceVersion "1"]
[SourceVersionDate "2012.08.24"]
[SourceQuality "1"]

1. e4 c5 2. Nc3 e6 3. f4 Nf6 4. Nf3 d5 5. exd5 exd5 6. Bb5+ Nc6 7. Bxc6+ bxc6 8. d3 Be7 9. 0-0 Bg4 10. Qe1 Bxf3 11. Rxf3 0-0 12. b3 Re8 13. Bb2 Bd6 14. Qg3 Qe7 15. Rff1 Qe3+ 16. Qxe3 Rxe3 17. Rae1 Rxe1 18. Rxe1 Bxf4 19. Na4 Bd6 20. Ba3 Nd7 21. d4 Kf8 22. dxc5 Be5 23. Kf1 Bxh2 24. Nc3 Re8 25. Nxd5 Rxe1+ 26. Kxe1 cxd5 27. c6+ Ke8 28. cxd7+ Kxd7 29. Bc5 a6 30. a4 Be5 31. b4 Kc6 32. Be7 Bd6 33. b5+ axb5 34. axb5+ Kd7 35. Bh4 Bc5 36. Ke2 Kc7 37. Kd3 Kb6 38. c4 dxc4+ 39. Kxc4 Bg1 40. Bd8+ Kb7 41. Kd5 Bh2 42. Ba5 Bg3 43. Bc3 g6 44. Bd4 h5 45. Be3 h4 46. Bg1 g5 47. Ke4 g4 48. Kf5 h3 49. Kxg4 h2 50. Bxh2 Bxh2 51. Kf5 Bg1 1/2-1/2

[Event "Rheinland Pfalz op 4th"]
[Site "Altenkirchen"]
[Date "2012.06.10"]
[Round "7"]
[White "Grosse Hering, Peter"]
[Black "Karwatzki, Hans Juergen"]
[Result "1-0"]
[WhiteElo "1925"]
[BlackElo "1720"]
[PlyCount "89"]
[EventDate "2012.06.07"]
[EventType "swiss"]
[EventRounds "7"]
[EventCountry "GER"]
[SourceTitle "CBM 148 Extra"]
[Source "ChessBase"]
[SourceDate "2012.06.22"]
[SourceVersion "1"]
[SourceVersionDate "2012.06.22"]
[SourceQuality "1"]

1. Nf3 d5 2. g3 c5 3. Bg2 e6 4. d3 Nc6 5. 0-0 Nf6 6. Nbd2 Be7 7. e4 e5 8. exd5 Nxd5 9. Nc4 f6 10. c3 0-0 11. Qe2 Re8 12. a4 Bf8 13. Re1 Bg4 14. h3 Be6 15. Nh4 g5 16. Nf3 g4 17. Nh4 f5 18. hxg4 fxg4 19. Nxe5 Bg7 20. Nxc6 bxc6 21. Be4 Qf6 22. Bd2 Rab8 23. Rab1 Rbd8 24. Qf1 Rf8 25. Ng2 h5 26. Nf4 Nxf4 27. Bxf4 Bd5 28. Qg2 Bh6 29. Bxd5+ Rxd5 30. Bxh6 Qxh6 31. Qe4 Rdf5 32. Re2 Qg5 33. Qe6+ Kh8 34. Kg2 R5f6 35. Qe4 Rf3 36. Rf1 Qd5 37. Qe5+ R3f6+ 38. Qxd5 cxd5 39. Re5 Rf5 40. Rxf5 Rxf5 41. Re1 a5 42. Re8+ Kg7 43. Ra8 Rf3 44. Rxa5 Rxd3 45. Rxc5 1-0

[Event "Rheinland Pfalz op 4th"]
[Site "Altenkirchen"]
[Date "2012.06.07"]
[Round "2"]
[White "Fels, Georg"]
[Black "Karwatzki, Hans Juergen"]
[Result "0-1"]
[WhiteElo "1084"]
[BlackElo "1720"]
[PlyCount "54"]
[EventDate "2012.06.07"]
[EventType "swiss"]
[EventRounds "7"]
[EventCountry "GER"]
[SourceTitle "CBM 148 Extra"]
[Source "ChessBase"]
[SourceDate "2012.06.22"]
[SourceVersion "1"]
[SourceVersionDate "2012.06.22"]
[SourceQuality "1"]

1. Nc3 e5 2. e4 Bc5 3. d3 Nf6 4. Bg5 h6 5. Bh4 g5 6. Bg3 d6 7. Qd2 Nc6 8. a3 a6 9. 0-0-0 b5 10. Nge2 b4 11. Nb1 Be6 12. c4 bxc3 13. Nexc3 Nd4 14. Qe1 Qb8 15. b4 Bxb4 16. axb4 Qxb4 17. Nd5 Qxe1 18. Nxf6+ Ke7 19. Rxe1 Kxf6 20. Re3 Rab8 21. Nc3 Rb3 22. Nd5+ Bxd5 23. exd5 Rhb8 24. Re4 Rb1+ 25. Kd2 R8b2+ 26. Ke3 Re1+ 27. Be2 Rexe2# 0-1

[Event "Rheinland Pfalz op 4th"]
[Site "Altenkirchen"]
[Date "2012.06.07"]
[Round "1"]
[White "Karwatzki, Hans Juergen"]
[Black "Welz, Thomas"]
[Result "0-1"]
[WhiteElo "1720"]
[BlackElo "2197"]
[PlyCount "30"]
[EventDate "2012.06.07"]
[EventType "swiss"]
[EventRounds "7"]
[EventCountry "GER"]
[SourceTitle "CBM 148 Extra"]
[Source "ChessBase"]
[SourceDate "2012.06.22"]
[SourceVersion "1"]
[SourceVersionDate "2012.06.22"]
[SourceQuality "1"]

1. e4 Nc6 2. d4 d5 3. e5 Bf5 4. g4 Be4 5. f3 Bg6 6. h4 h6 7. h5 Bh7 8. e6 fxe6 9. Bd3 Qd6 10. f4 Nf6 11. Nf3 Nxg4 12. Ne5 Nf6 13. Bxh7 Rxh7 14. Nc3 Qb4 15. Bd2 Qxd4 0-1

[Event "Leverkusen Bayer op 10th"]
[Site "Leverkusen"]
[Date "2012.01.11"]
[Round "1"]
[White "Wolfradt, Dirk"]
[Black "Karwatzki, Hans Juergen"]
[Result "1-0"]
[WhiteElo "2067"]
[BlackElo "1536"]
[PlyCount "57"]
[EventDate "2012.01.11"]
[EventType "swiss"]
[EventRounds "7"]
[EventCountry "GER"]
[SourceTitle "EXT 2014"]
[Source "ChessBase"]
[SourceDate "2013.11.20"]
[SourceVersion "1"]
[SourceVersionDate "2013.11.20"]
[SourceQuality "1"]

1. e4 e5 2. Nf3 Nc6 3. Bc4 Nf6 4. d3 Bc5 5. Bg5 d6 6. h3 0-0 7. Nc3 Be6 8. Nd5 Bxd5 9. Bxd5 Qe7 10. Nh4 Nd4 11. c3 Ne6 12. Nf5 Qd8 13. Bh4 c6 14. Bb3 Nf4 15. Qf3 Ng6 16. Bg5 a5 17. Bxf6 Qxf6 18. Nh6+ Kh8 19. Nxf7+ Rxf7 20. Bxf7 Nf4 21. Bb3 Nxd3+ 22. Qxd3 Qxf2+ 23. Kd1 Qxb2 24. Rc1 Qxg2 25. Rf1 a4 26. Be6 d5 27. Qe2 Qxe2+ 28. Kxe2 dxe4 29. Rcd1 1-0

[Event "Troisdorf op"]
[Site "Troisdorf"]
[Date "2011.10.25"]
[Round "1"]
[White "Gutt, Oswald"]
[Black "Karwatzki, Hans Juergen"]
[Result "1-0"]
[WhiteElo "1914"]
[BlackElo "1618"]
[PlyCount "69"]
[EventDate "2011.10.25"]
[EventType "swiss"]
[EventRounds "7"]
[EventCountry "GER"]
[SourceTitle "EXT 2013"]
[Source "ChessBase"]
[SourceDate "2012.11.22"]
[SourceVersion "1"]
[SourceVersionDate "2012.11.22"]
[SourceQuality "1"]

1. d4 Nf6 2. c4 e6 3. Nc3 d5 4. cxd5 Nxd5 5. e4 Nxc3 6. bxc3 g6 7. Nf3 b6 8. Bb5+ c6 9. Bd3 Bg7 10. Ba3 Nd7 11. 0-0 Nf6 12. Re1 Qc7 13. e5 Nd5 14. c4 Ne7 15. Bd6 Qd8 16. Be4 Bb7 17. Qa4 0-0 18. Bxe7 Qxe7 19. Bxc6 Bxc6 20. Qxc6 Bh6 21. Qe4 Qb4 22. Qh4 Kg7 23. d5 exd5 24. Qf6+ Kg8 25. cxd5 Qc3 26. Rad1 Rfe8 27. Ng5 Bxg5 28. Qxg5 Rac8 29. d6 Rcd8 30. Re3 Qa5 31. d7 Rf8 32. h4 Qa4 33. Red3 Qxa2 34. Rd6 f5 35. e6 1-0

[Event "Cologne Longerich op 8th"]
[Site "Cologne"]
[Date "2011.08.12"]
[Round "1"]
[White "Karwatzki, Hans Juergen"]
[Black "Halle, Julia"]
[Result "1-0"]
[WhiteElo "1561"]
[BlackElo "1206"]
[PlyCount "65"]
[EventDate "2011.08.12"]
[EventType "swiss"]
[EventRounds "5"]
[EventCountry "GER"]
[SourceTitle "CBM 144 Extra"]
[Source "ChessBase"]
[SourceDate "2011.10.28"]
[SourceVersion "1"]
[SourceVersionDate "2011.10.28"]
[SourceQuality "1"]

1. e4 d6 2. d4 g6 3. f4 Bg7 4. Be3 Nd7 5. Bc4 c5 6. c3 cxd4 7. cxd4 Ngf6 8. Nc3 a6 9. Nf3 0-0 10. f5 Kh8 11. 0-0 Rb8 12. Qe1 b5 13. Bd3 Bb7 14. Ng5 Ng4 15. Qh4 Nh6 16. fxg6 fxg6 17. Ne6 Rxf1+ 18. Rxf1 Qg8 19. Nxg7 Qxg7 20. Qxh6 Qxh6 21. Bxh6 Nf6 22. d5 Kg8 23. Be3 Ng4 24. Bd4 Re8 25. h3 e5 26. dxe6 Ne5 27. Bxe5 dxe5 28. Rf7 Bc6 29. Ra7 Rxe6 30. Rxa6 b4 31. Nd5 Kf7 32. Nxb4 Bd7 33. Bc4 1-0